000 00535nam a2200181Ia 4500
003 IN-BaIIA
008 211028s9999 xx 000 0 eng d
040 _cIIA Library
080 _a524.83
_bTHE
245 0 _aTheories of the universe
_cedited by Milton K. Munitz
260 _aGlencoe
_bThe Free Press
_c1957
300 _ax, 437p.
650 _aAstronomy and astrophysics thesaurus
650 _aCosmology
650 _aUniverse
_91987
700 _aMunitz, Milton K., ed.
_93401
942 _cBK
999 _c1736
_d1736